As árvores nos brasões municipais (Record no. 44850)
[ view plain ]
| 000 -Etiqueta do registo | |
|---|---|
| Valores | 00625cam a2200205 4500 |
| 010 ## - Número ISBN | |
| ISBN | 9729809518 |
| 021 ## - Número do Depósito Legal | |
| Número | 170398/01 |
| 100 ## - Dados gerais de processamento | |
| Dados gerais | 20021203d2001 m d0pory5003 ba |
| 101 0# - Língua de publicação | |
| Língua | por |
| 102 ## - País de publicação | |
| País | PT |
| 200 1# - Titulo e menção de responsabilidade | |
| Título próprio | As árvores nos brasões municipais |
| Primeira menção de responsabilidade | António J. E. Estácio |
| -- | fot. Ana Beatriz Estácio... [et al.] |
| 210 #9 - Publicação | |
| Local de publicação | Freixo de Espada à Cinta |
| Nome do editor | Câmara Municipal de Freixo de Espada à Cinta |
| Data de publicação | 2001 |
| 215 ## - Descrição física | |
| Paginação / Volumes | 124 p. |
| Outras indicações físicas | il. |
| Dimensões | 21 cm |
| 675 ## - CDU | |
| Notação | 929.6 |
| 700 #1 - Autor principal | |
| Apelido | Estácio, |
| Nome | António Júlio E., |
| Datas | 1947- |
| 702 #1 - Autor secundário | |
| Apelido | Estácio, |
| Nome | Ana Beatriz |
| Função | 600 |
| 801 ## - Fonte de origem | |
| País | PT |
| Regras de catalogação | RPC |
| 990 ## - Elementos KOHA | |
| Tipo de documento | Livro |
| Aquisição | Empréstimo | Código de barras | Cota | Permissão de empréstimo | Tipo de documento |
|---|---|---|---|---|---|
| Biblioteca Municipal de Redondo | Biblioteca Municipal de Redondo | 055027 | 929.6 EST | Livro |